Statistieken voor De 10 Britse steden met de meeste inwoners

Klik hier om de quiz te nemen!

Algemene statistieken

  • Deze quiz is 57 keer genomen
  • De gemiddelde score is 7 van 10

Antwoordstatistieken

InwonersAntwoord% Correct
7.556.900Londen
100%
452.000Manchester
98%
468.945Liverpool
96%
1.036.900Birmingham
87%
443.247Leeds
80%
578.790Glasgow
64%
555.500Sheffield
64%
477.660Edinburgh
58%
330.000Leicester
49%
410.500Bristol
44%

Scoreverdeling

Percentiel versus Aantal Correcte Antwoorden

Procent van Mensen met Elke Score

Uw Scoregeschiedenis

U heeft deze quiz nog niet genomen